Normal view
MARC view
- Siddiqi, Zahid Ahamd
Entry Personal Name
001 - CONTROL NUMBER
- control field: 7488
003 - CONTROL NUMBER IDENTIFIER
- control field: NUST
005 - DATE AND TIME OF LATEST TRANSACTION
- control field: 20171220102306.0
008 - FIXED-LENGTH DATA ELEMENTS
- fixed length control field: 171220|| aca||aabn | a|a d
040 ## - CATALOGING SOURCE
- Original cataloging agency: NUST
- Transcribing agency: NUST
100 ## - HEADING--PERSONAL NAME
- Personal name: Siddiqi, Zahid Ahamd
670 ## - SOURCE DATA FOUND
- Source citation: Work cat.: (NUST)0: Siddiqi, Zahid Ahamd, Basics of the Engineering Drawing, 2010.
